[Event "Valencia sub zt 2.3.5"]
[Site "Valencia"]
[Date "2000.??.??"]
[Round "7"]
[White "Dominguez, Jose Manuel"]
[Black "Pitterson, Jomo"]
[Result "1/2-1/2"]
[WhiteElo "2316"]
[BlackElo "2262"]
[EventDate "2000.08.13"]
[PlyCount "108"]

1.Nf3 Nf6 2.g3 g6 3.Bg2 Bg7 4.O-O O-O 5.d3 d5 6.Nbd2 c5 7.Re1 Nc6 8.c3 e5 
9.e4 h6 10.Qc2 Re8 11.Nf1 Be6 12.N3d2 Qc7 13.Ne3 Rad8 14.a4 Kh7 15.Nb1 
dxe4 16.dxe4 Na5 17.c4 Nc6 18.Nd5 Nd4 19.Qc3 Qd7 20.Nd2 Bh3 21.Bh1 Rc8 22.
a5 Ng8 23.a6 b6 24.Nb3 Ne7 25.Be3 Nec6 26.Qd3 Qg4 27.Bxd4 exd4 28.f4 Qd7 
29.Nd2 Be6 30.e5 b5 31.cxb5 Bxd5 32.bxc6 Bxc6 33.Bxc6 Rxc6 34.Rec1 Qd5 35.
Qc4 Qxc4 36.Nxc4 f6 37.Ra5 fxe5 38.fxe5 d3 39.Kg2 Ree6 40.Rd1 Bxe5 41.b4 
Bc7 42.Rxc5 Rxc5 43.bxc5 Rxa6 44.Rxd3 Rc6 45.Rd5 Kg7 46.Kf3 Kf6 47.Ke4 Ke6
48.Ne3 Ra6 49.Nc2 Ke7 50.Nd4 Kf6 51.Kd3 h5 52.Nb5 Bb8 53.Kc4 h4 54.gxh4 
Bxh2 1/2-1/2

[Event "Valencia sub zt 2.3.5"]
[Site "Valencia"]
[Date "2000.??.??"]
[Round "7"]
[White "Matthews, Shane"]
[Black "Ramsingh, Yogendranath"]
[Result "1-0"]
[WhiteElo "2258"]
[BlackElo "2246"]
[EventDate "2000.08.13"]
[PlyCount "129"]

1.e4 g6 2.d4 c6 3.Nc3 Bg7 4.Bc4 b5 5.Bb3 d6 6.Nf3 b4 7.Ne2 Nf6 8.e5 dxe5 
9.Nxe5 O-O 10.a3 Qb6 11.axb4 Qxb4+ 12.Bd2 Qd6 13.O-O Ng4 14.Nf3 Bb7 15.Bf4
Qd8 16.Qd2 c5 17.dxc5 Bxb2 18.Rab1 Qxd2 19.Nxd2 Ba3 20.Bxf7+ Kxf7 21.Rxb7 
Bxc5 22.Ne4 Bb6 23.Ng5+ Kg8 24.Rxe7 Nc6 25.Re4 Rad8 26.Nh3 Rde8 27.Rxe8 
Rxe8 28.Nc3 Bd4 29.Nb5 Bc5 30.Rc1 Re4 31.Bg3 Nb4 32.Kf1 Rc4 33.c3 Nd3 34.
Rd1 Nde5 35.Rd8+ Kg7 36.f3 Ne3+ 37.Ke2 Nf7 38.Rd7 Kf6 39.Kd3 a5 40.Bf4 
Ne5+ 41.Bxe5+ Kxe5 42.f4+ Ke6 43.Rxh7 Ra4 44.Rc7 Kd5 45.g3 Ra2 46.c4+ Nxc4
47.Nc3+ Kd6 48.Nxa2 Kxc7 49.Kxc4 Bb6 50.Kd5 Kd7 51.Ng5 Bg1 52.Nf3 Bf2 53.
Ne5+ Ke8 54.Nxg6 Bg1 55.h3 Kf7 56.f5 Kf6 57.g4 Kg5 58.h4+ Kxg4 59.f6 Be3 
60.Ke6 Bd4 61.Ne5+ Kh5 62.f7 Bc5 63.Nc3 Kxh4 64.Ng6+ Kh5 65.Ne7 1-0

[Event "Valencia sub zt 2.3.5"]
[Site "Valencia"]
[Date "2000.??.??"]
[Round "7"]
[White "Montalvo, Alejandro"]
[Black "Ostos, Julio"]
[Result "1-0"]
[WhiteElo "2222"]
[BlackElo "2344"]
[EventDate "2000.08.13"]
[PlyCount "105"]

1.d4 Nf6 2.c4 c5 3.d5 g6 4.Nc3 Bg7 5.e4 O-O 6.Bd3 e6 7.Nge2 exd5 8.exd5 d6
9.O-O Ng4 10.f4 Re8 11.Rf3 f5 12.Bd2 Nd7 13.h3 Ngf6 14.Qc2 a6 15.a4 b6 16.
Kh2 Nf8 17.Rff1 Ra7 18.Rae1 Rae7 19.Ng1 Bd7 20.Nf3 h6 21.g3 Bc8 22.Rxe7 
Rxe7 23.Re1 Rxe1 24.Bxe1 Kf7 25.Qe2 Qe7 26.Qxe7+ Kxe7 27.Kg2 Bd7 28.b3 Ne8
29.Nh4 Bf6 30.Nf3 Nc7 31.Nh2 h5 32.g4 hxg4 33.hxg4 fxg4 34.Ne4 Bf5 35.Kg3 
Ne8 36.Nxg4 Bd4 37.Kf3 Kd7 38.Bh4 Nh7 39.Nh6 Bh3 40.Ng5 Nxg5+ 41.fxg5 Ng7 
42.Bxg6 Kc7 43.Bd3 Bd7 44.g6 b5 45.axb5 axb5 46.cxb5 Kb6 47.Bd8+ Kb7 48.
Nf7 Ne8 49.Be7 Kc7 50.Nxd6 Nxd6 51.b6+ Kxb6 52.Bxd6 Bg7 53.Bf4 1-0

[Event "Valencia sub zt 2.3.5"]
[Site "Valencia"]
[Date "2000.??.??"]
[Round "7"]
[White "Pazos Gambarrotti, Plinio"]
[Black "Harper, Ryan"]
[Result "1-0"]
[WhiteElo "2363"]
[BlackElo "2122"]
[EventDate "2000.08.13"]
[PlyCount "101"]

1.e4 c5 2.Nf3 d6 3.d4 cxd4 4.Qxd4 Bd7 5.c4 Nc6 6.Qd2 Nf6 7.Nc3 g6 8.b3 Bg7
9.Bb2 Qa5 10.Rb1 O-O 11.Be2 Rad8 12.h3 Ne5 13.Nd4 Nc6 14.Nf3 Ne5 15.O-O 
Bc6 16.Nd4 e6 17.Rbd1 a6 18.Qe3 Rfe8 19.a3 Ned7 20.b4 Qb6 21.b5 e5 22.Nxc6
Qxe3 23.fxe3 bxc6 24.Rxd6 cxb5 25.cxb5 axb5 26.Rfd1 Bf8 27.R6d3 Rb8 28.
Rxd7 Nxd7 29.Rxd7 b4 30.axb4 Rxb4 31.Ba3 Rb3 32.Bxf8 Rxf8 33.Nd5 Kg7 34.
Re7 Rb1+ 35.Kh2 Rb2 36.Bf3 Ra8 37.Rxe5 Ra1 38.Re7 h5 39.h4 Rf1 40.Kg3 Ra1 
41.e5 Kf8 42.e6 fxe6 43.Rxe6 Kf7 44.Rc6 Ra4 45.e4 Rb3 46.Kf4 Rba3 47.Rc7+ 
Kf8 48.Kg5 Ra6 49.Nf6 Re6 50.Kxg6 Raa6 51.Rf7# 1-0

[Event "Valencia sub zt 2.3.5"]
[Site "Valencia"]
[Date "2000.??.??"]
[Round "7"]
[White "Prasca Sosa, Raphael Felipe"]
[Black "Munoz Sotomayor, Hugo"]
[Result "1-0"]
[WhiteElo "2256"]
[BlackElo "2322"]
[EventDate "2000.08.13"]
[PlyCount "93"]

1.e4 c5 2.c3 e6 3.d4 d5 4.exd5 exd5 5.Nf3 Nc6 6.Be2 c4 7.b3 cxb3 8.axb3 
Bd6 9.O-O Nge7 10.Ba3 O-O 11.Bxd6 Qxd6 12.Nbd2 Ng6 13.g3 Bf5 14.b4 b6 15.
Qb3 Rfe8 16.Rfe1 Re7 17.Nf1 Rd8 18.Ne3 Bc8 19.Bd3 Rc7 20.Rac1 Nce7 21.b5 
Qf6 22.Nd2 h5 23.f4 Bg4 24.Nxg4 hxg4 25.Nf1 Nf5 26.Qb1 Nge7 27.Re5 g6 28.
Be2 Rdc8 29.Qb4 Qd6 30.Qxd6 Nxd6 31.Bxg4 f5 32.Bf3 Nxb5 33.Be2 Nd6 34.Ne3 
Ne4 35.g4 Nxc3 36.Rxc3 Rxc3 37.Rxe7 Kf8 38.Re5 Re8 39.Nxd5 Rc1+ 40.Kf2 
Rxe5 41.fxe5 Rc2 42.gxf5 gxf5 43.e6 f4 44.Ke1 f3 45.Bb5 Rc8 46.h4 a6 47.
Bxa6 1-0

[Event "Valencia sub zt 2.3.5"]
[Site "Valencia"]
[Date "2000.??.??"]
[Round "7"]
[White "Sosa, Luis"]
[Black "Merrit, Mario"]
[Result "0-1"]
[WhiteElo "2166"]
[BlackElo "2159"]
[EventDate "2000.08.13"]
[PlyCount "68"]

1.e4 e6 2.d4 d5 3.Nc3 Bb4 4.e5 c5 5.Bd2 Bxc3 6.Bxc3 cxd4 7.Qxd4 Ne7 8.f4 
b6 9.Nf3 Qd7 10.O-O-O Ba6 11.g4 Nbc6 12.Qf2 Bxf1 13.Rhxf1 h6 14.Nd2 Qc7 
15.Nb3 O-O-O 16.Rd3 g6 17.Nd4 Nxd4 18.Bxd4 Kb8 19.Rc3 Qb7 20.Rb3 Qc7 21.
Bc5 Ka8 22.Bd6 Qb7 23.Qd2 Nc6 24.Rc3 h5 25.g5 Rc8 26.Qe1 Nd4 27.Qd2 Rxc3 
28.bxc3 Nf5 29.Qd3 Rc8 30.Kd2 Qc6 31.Rb1 Qc4 32.Qxc4 Rxc4 33.Rb4 Kb7 34.
Bf8 Kc6 0-1

[Event "Valencia sub zt 2.3.5"]
[Site "Valencia"]
[Date "2000.??.??"]
[Round "7"]
[White "Wheeler, Robert"]
[Black "Arias, Luis"]
[Result "1/2-1/2"]
[WhiteElo "2226"]
[BlackElo "2243"]
[EventDate "2000.08.13"]
[PlyCount "66"]

1.d4 Nf6 2.c4 e6 3.Nc3 c5 4.Nf3 cxd4 5.Nxd4 a6 6.g3 Qc7 7.Qd3 Nc6 8.b3 
Nxd4 9.Qxd4 Bc5 10.Qf4 Qc6 11.e4 Bd4 12.Bb2 e5 13.Qf3 d6 14.Bg2 h5 15.h4 
b5 16.cxb5 axb5 17.O-O b4 18.Na4 Ba7 19.Rfc1 Qd7 20.Rc2 Bb7 21.Qd3 Ba6 22.
Qd2 O-O 23.Rd1 Rfd8 24.Qxb4 Qg4 25.Rxd6 Qxg3 26.Nb6 Qxh4 27.Nxa8 Rxd6 28.
Qxd6 Bxf2+ 29.Rxf2 Ng4 30.Qxa6 Qxf2+ 31.Kh1 Qe1+ 32.Qf1 Qh4+ 33.Bh3 Nf2+ 
1/2-1/2

[Event "Valencia sub zt 2.3.5"]
[Site "Valencia"]
[Date "2000.??.??"]
[Round "8"]
[White "Blanco, Cristobal J"]
[Black "Sosa, Luis"]
[Result "1-0"]
[WhiteElo "2185"]
[BlackElo "2166"]
[EventDate "2000.08.13"]
[PlyCount "59"]

1.e4 d5 2.exd5 Nf6 3.Bb5+ Nbd7 4.c4 a6 5.Ba4 b5 6.cxb5 Nxd5 7.Ne2 N5b6 8.
Bb3 axb5 9.d4 Bb7 10.O-O e6 11.Nf4 Qf6 12.Re1 O-O-O 13.Nc3 Bd6 14.Nfe2 
Bxh2+ 15.Kxh2 Qxf2 16.Nf4 Nf6 17.d5 Nbxd5 18.Bxd5 Nxd5 19.Ncxd5 Bxd5 20.
Qe2 Qh4+ 21.Nh3 Bc4 22.Qf2 Qxf2 23.Nxf2 f5 24.a4 bxa4 25.Rxa4 Bd5 26.Bf4 
g5 27.Be5 Rhg8 28.Rc1 Rd7 29.Ra7 Bb7 30.Nd3 1-0

[Event "Valencia sub zt 2.3.5"]
[Site "Valencia"]
[Date "2000.??.??"]
[Round "8"]
[White "Boada, Winston"]
[Black "Dominguez, Jose Manuel"]
[Result "0-1"]
[WhiteElo "2165"]
[BlackElo "2316"]
[EventDate "2000.08.13"]
[PlyCount "92"]

1.d4 Nf6 2.c4 d6 3.Nc3 Nbd7 4.Bg5 h6 5.Bh4 g6 6.e4 e5 7.d5 Be7 8.Qc2 Nxd5 
9.cxd5 Bxh4 10.Nb5 O-O 11.Qxc7 Bxf2+ 12.Kxf2 Qh4+ 13.g3 Qxe4 14.Nf3 Nf6 
15.Re1 Qb4 16.Qc3 Ne4+ 17.Rxe4 Qxe4 18.Nxd6 Qxd5 19.Qxe5 Qc6 20.Bb5 Qb6+ 
21.Kg2 Bg4 22.Rd1 Rad8 23.Rd3 a6 24.Ba4 Bxf3+ 25.Kxf3 Qg1 26.Qe2 Qh1+ 27.
Kg4 Qc1 28.Kh3 Qc5 29.Qd2 Rxd6 30.Rxd6 Qf5+ 31.Kg2 Qe4+ 32.Kh3 Qf5+ 33.Kg2
Qe4+ 34.Kg1 Qxa4 35.Qxh6 Qc2 36.Qd2 Qb1+ 37.Kg2 Qxa2 38.Qe2 Qa4 39.Qd3 Qg4
40.h3 Qg5 41.h4 Qe5 42.b3 Re8 43.Rd8 Rxd8 44.Qxd8+ Kg7 45.Qd3 b5 46.Kf3 b4
0-1

[Event "Valencia sub zt 2.3.5"]
[Site "Valencia"]
[Date "2000.??.??"]
[Round "8"]
[White "Merrit, Mario"]
[Black "Harper, Ryan"]
[Result "1/2-1/2"]
[WhiteElo "2159"]
[BlackElo "2122"]
[EventDate "2000.08.13"]
[PlyCount "28"]

1.c4 Nf6 2.Nc3 g6 3.e4 d6 4.d4 Bg7 5.Be2 O-O 6.Bg5 h6 7.Be3 e5 8.d5 Nbd7 
9.Qd2 Kh7 10.h4 Ng8 11.h5 g5 12.g4 Re8 13.Nh3 f6 14.f3 a6 1/2-1/2

[Event "Valencia sub zt 2.3.5"]
[Site "Valencia"]
[Date "2000.??.??"]
[Round "8"]
[White "Ordonez, Francisco"]
[Black "Pazos Gambarrotti, Plinio"]
[Result "1/2-1/2"]
[WhiteElo "2295"]
[BlackElo "2363"]
[EventDate "2000.08.13"]
[PlyCount "77"]

1.c4 g6 2.Nc3 Bg7 3.g3 d6 4.Bg2 Nf6 5.Rb1 O-O 6.b4 c6 7.e4 e5 8.a4 Be6 9.
Qb3 a6 10.a5 Nbd7 11.d3 b5 12.axb6 Nxb6 13.Be3 d5 14.cxd5 cxd5 15.Bxb6 
Qxb6 16.Nxd5 Bxd5 17.exd5 e4 18.dxe4 Nxe4 19.Bxe4 Rfe8 20.Kf1 Rxe4 21.Nf3 
Rc8 22.Qd3 Rec4 23.Kg2 Rc2 24.Rhf1 R8c3 25.Qe4 Ra2 26.Qe8+ Bf8 27.Ne5 Qb7 
28.Nc6 Rd2 29.Rbd1 Rcd3 30.Rxd2 Rxd2 31.Re1 Qb5 32.Kg1 Qd3 33.Qe4 Qxd5 34.
Qxd5 Rxd5 35.Re8 Kg7 36.Ra8 Rb5 37.Rxa6 Bxb4 38.Nxb4 Rxb4 39.Kg2 1/2-1/2

[Event "Valencia sub zt 2.3.5"]
[Site "Valencia"]
[Date "2000.??.??"]
[Round "8"]
[White "Ostos, Julio"]
[Black "Prasca Sosa, Raphael Felipe"]
[Result "0-1"]
[WhiteElo "2344"]
[BlackElo "2256"]
[EventDate "2000.08.13"]
[PlyCount "110"]

1.e4 e6 2.d4 d5 3.Nd2 Nc6 4.Ngf3 Nf6 5.e5 Nd7 6.Nb3 Be7 7.Bb5 a6 8.Bxc6 
bxc6 9.Na5 Nb8 10.c3 c5 11.dxc5 Bxc5 12.Bg5 Qd7 13.b4 Bb6 14.Nb3 a5 15.O-O
axb4 16.cxb4 Ba6 17.Re1 Bc4 18.Be3 Qa4 19.Bc5 Na6 20.Qd4 Qxb4 21.Bxb6 Qxb6
22.Qg4 O-O 23.Re3 Nb4 24.Ne1 Nc6 25.Qd1 Bxb3 26.Rxb3 Qd4 27.Nf3 Qxd1+ 28.
Rxd1 Rxa2 29.Rc3 Ra6 30.Rdc1 Rb8 31.h4 Rbb6 32.h5 Kf8 33.g4 h6 34.Kg2 f6 
35.exf6 gxf6 36.Nh4 Ke7 37.Re1 d4 38.Ng6+ Kf7 39.Rc4 e5 40.Rec1 Ke6 41.Nh4
Ne7 42.Rxc7 Rc6 43.R1xc6+ Rxc6 44.Ra7 e4 45.Ng6 Nxg6 46.hxg6 Rc8 47.g7 Rg8
48.Kg3 d3 49.Kf4 Rxg7 50.Ra6+ Kd5 51.Ke3 Rxg4 52.Rxf6 Rh4 53.Rf5+ Kc4 54.
Rf8 Rh3+ 55.Kxe4 d2 0-1

[Event "Valencia sub zt 2.3.5"]
[Site "Valencia"]
[Date "2000.??.??"]
[Round "8"]
[White "Pitterson, Jomo"]
[Black "Arias, Luis"]
[Result "1/2-1/2"]
[WhiteElo "2262"]
[BlackElo "2243"]
[EventDate "2000.08.13"]
[PlyCount "87"]

1.d4 Nf6 2.c4 e6 3.Nf3 d5 4.Nc3 Be7 5.Bf4 c6 6.e3 O-O 7.Qc2 Nbd7 8.Be2 
dxc4 9.Bxc4 a6 10.O-O b5 11.Be2 Bb7 12.Rfd1 Qb6 13.Ng5 Rfd8 14.Bf3 h6 15.
Nge4 c5 16.dxc5 Nxc5 17.Be5 b4 18.Bxf6 gxf6 19.Na4 Nxa4 20.Qxa4 Bc6 21.
Qxc6 Qxc6 22.Nxf6+ Bxf6 23.Bxc6 Rac8 24.Ba4 Bxb2 25.Rab1 Rxd1+ 26.Rxd1 Rc3
27.Kf1 Ra3 28.Bb3 Kg7 29.Rd7 Kf6 30.Ke2 Ra5 31.Ra7 Rg5 32.g3 a5 33.Bc4 Rc5
34.Bb3 Be5 35.h3 Bc7 36.Ra6 Rc3 37.Ra8 Rc1 38.Ra7 h5 39.h4 Rc3 40.Ra8 Rc5 
41.Ra6 Ke7 42.Ba4 Be5 43.Ra7+ Bc7 44.Ra6 1/2-1/2

[Event "Valencia sub zt 2.3.5"]
[Site "Valencia"]
[Date "2000.??.??"]
[Round "8"]
[White "Ramsingh, Yogendranath"]
[Black "Santa Torres, Luis A"]
[Result "0-1"]
[WhiteElo "2246"]
[BlackElo "2201"]
[EventDate "2000.08.13"]
[PlyCount "82"]

1.e4 e6 2.d3 d5 3.Nd2 c5 4.g3 Nc6 5.Bg2 Nf6 6.Ngf3 Be7 7.O-O b5 8.Re1 O-O 
9.e5 Nd7 10.Nf1 b4 11.h4 a5 12.N1h2 Ba6 13.Ng4 a4 14.h5 Nd4 15.Nxd4 cxd4 
16.Bf4 Rc8 17.Rc1 Rc6 18.Qd2 Re8 19.h6 g6 20.Qe2 Qa5 21.b3 Rec8 22.Bf3 Bb5
23.Nf6+ Nxf6 24.exf6 Bf8 25.Qd2 Qb6 26.Be5 Rc3 27.Bd1 Bd6 28.f4 Bxe5 29.
fxe5 Bxd3 30.cxd3 Rxc1 31.bxa4 R8c3 32.Kf2 Qc7 33.Re2 Qb6 34.Re1 Qa6 35.
Ke2 Qc8 36.Kf1 Rb1 37.Bb3 Rxe1+ 38.Kxe1 Rc1+ 39.Kf2 Qc3 40.Qe2 Rh1 41.Qc2 
Rh2+ 0-1

[Event "Valencia sub zt 2.3.5"]
[Site "Valencia"]
[Date "2000.??.??"]
[Round "8"]
[White "Yee, Frank"]
[Black "Wheeler, Robert"]
[Result "1/2-1/2"]
[WhiteElo "2169"]
[BlackElo "2226"]
[EventDate "2000.08.13"]
[PlyCount "90"]

1.e4 Nf6 2.e5 Nd5 3.d4 d6 4.c4 Nb6 5.exd6 cxd6 6.Nf3 Bg4 7.Be2 e6 8.O-O 
Be7 9.Nc3 O-O 10.b3 Bf6 11.Ne4 Be7 12.Bb2 d5 13.Ned2 Nc6 14.Ne5 Nxe5 15.
dxe5 Bxe2 16.Qxe2 Rc8 17.Rfd1 Bb4 18.Ne4 Qc7 19.cxd5 Nxd5 20.Rac1 Qb8 21.
Qg4 Rxc1 22.Rxc1 Rc8 23.Rxc8+ Qxc8 24.Nf6+ Nxf6 25.exf6 Bf8 26.fxg7 Be7 
27.Qe2 Qd8 28.g3 Bf6 29.Bxf6 Qxf6 30.Kg2 Kxg7 31.Qg4+ Kh8 32.Qb4 Kg7 33.
Qxb7 Qd4 34.Qf3 a5 35.h3 Qc5 36.Qg4+ Kf8 37.Qe4 Kg7 38.h4 Qa3 39.Qd4+ f6 
40.Qd7+ Kg6 41.Qxe6 Qxa2 42.Qg8+ Kh6 43.g4 Qc2 44.Qf8+ Kg6 45.Qg8+ Kh6 
1/2-1/2

[Event "Valencia sub zt 2.3.5"]
[Site "Valencia"]
[Date "2000.??.??"]
[Round "9"]
[White "Arias, Luis"]
[Black "Munoz Sotomayor, Hugo"]
[Result "0-1"]
[WhiteElo "2243"]
[BlackElo "2322"]
[EventDate "2000.08.13"]
[PlyCount "64"]

1.g3 c5 2.Bg2 e6 3.c4 Nc6 4.Nc3 a6 5.Nf3 Nf6 6.O-O Qc7 7.a3 Be7 8.d4 cxd4 
9.Nxd4 Rb8 10.b4 d6 11.Bb2 Ne5 12.c5 dxc5 13.Ndb5 Qd7 14.Nd5 Nc4 15.Bxf6 
gxf6 16.Nbc7+ Kf8 17.Qc1 exd5 18.Qh6+ Kg8 19.Nxd5 Qe6 20.Qf4 Ne5 21.Rac1 
Kg7 22.Qe3 Ng6 23.Qf3 Qf5 24.Qc3 Be6 25.Rfd1 cxb4 26.axb4 Rhc8 27.Qb2 Rxc1
28.Qxc1 Rc8 29.Qb2 Rc2 30.Qd4 Bxd5 31.Bxd5 Rxe2 32.Bc4 Re4 0-1

[Event "Valencia sub zt 2.3.5"]
[Site "Valencia"]
[Date "2000.??.??"]
[Round "9"]
[White "Dominguez, Jose Manuel"]
[Black "Blanco, Cristobal J"]
[Result "0-1"]
[WhiteElo "2316"]
[BlackElo "2185"]
[EventDate "2000.08.13"]
[PlyCount "66"]

1.Nf3 c5 2.g3 Nc6 3.Bg2 g6 4.O-O Bg7 5.c3 e5 6.e4 Nge7 7.d3 d5 8.Be3 d4 9.
cxd4 cxd4 10.Bd2 O-O 11.b4 a6 12.a4 Qd6 13.Na3 Nxb4 14.Nc4 Qc5 15.Ncxe5 
Nec6 16.Nxc6 Nxc6 17.a5 Bd7 18.Qb1 b5 19.Rc1 Qe7 20.Bg5 Qe6 21.Nd2 h6 22.
Bf4 g5 23.Bc7 Rac8 24.Bb6 Nb8 25.Qb2 Rc3 26.Nf3 Nc6 27.Qe2 Rc8 28.Rxc3 
dxc3 29.d4 Qb3 30.e5 Qb2 31.Ra2 Qb1+ 32.Ne1 Nb4 33.Bb7 c2 0-1

[Event "Valencia sub zt 2.3.5"]
[Site "Valencia"]
[Date "2000.??.??"]
[Round "9"]
[White "Harper, Ryan"]
[Black "Matthews, Shane"]
[Result "1-0"]
[WhiteElo "2122"]
[BlackElo "2258"]
[EventDate "2000.08.13"]
[PlyCount "69"]

1.e4 c5 2.Nf3 e6 3.d4 cxd4 4.Nxd4 Nf6 5.Nc3 d6 6.Bc4 Nc6 7.Be3 a6 8.h3 Qc7
9.Bb3 b5 10.f4 b4 11.Na4 Bb7 12.O-O Nxe4 13.f5 e5 14.Ne6 fxe6 15.fxe6 Nd8 
16.Qg4 Nf6 17.Rxf6 gxf6 18.Qh5+ Ke7 19.Rd1 Rg8 20.Bc5 Rxg2+ 21.Kf1 Rg5 22.
Qxh7+ Rg7 23.Bxd6+ Qxd6 24.Qh5 Qxd1+ 25.Qxd1 Nxe6 26.Qd2 a5 27.c3 Rd8 28.
Qe3 Nf4 29.Qc5+ Ke8 30.Qb5+ Rdd7 31.Nb6 Bg2+ 32.Kf2 Nd3+ 33.Ke2 Nf4+ 34.
Kf2 Nxh3+ 35.Ke2 1-0

[Event "Valencia sub zt 2.3.5"]
[Site "Valencia"]
[Date "2000.??.??"]
[Round "9"]
[White "Hernandez, Alexander"]
[Black "Ostos, Julio"]
[Result "1/2-1/2"]
[WhiteElo "2229"]
[BlackElo "2344"]
[EventDate "2000.08.13"]
[PlyCount "117"]

1.e4 e6 2.d4 d5 3.Nd2 Nf6 4.e5 Nfd7 5.f4 c5 6.Ndf3 Nc6 7.Ne2 f6 8.c3 fxe5 
9.fxe5 cxd4 10.cxd4 Bb4+ 11.Bd2 O-O 12.Bxb4 Nxb4 13.a3 Nc6 14.Nc3 Rxf3 15.
Qxf3 Nxd4 16.Qf2 Nc6 17.Bb5 Ncxe5 18.O-O Nf6 19.Rae1 Qd6 20.Qg3 Nf7 21.Qh4
e5 22.Bd3 e4 23.Bxe4 dxe4 24.Nxe4 Nxe4 25.Qxe4 Bd7 26.Qe7 Qxe7 27.Rxe7 Be8
28.Rxb7 a5 29.b4 Nd6 30.Re7 axb4 31.axb4 Rb8 32.Rd1 Nb5 33.Rd5 Kf8 34.Ree5
Nc7 35.Rd4 Na6 36.Rf4+ Kg8 37.Re7 Bg6 38.Rd4 Kf8 39.Rdd7 Nxb4 40.Rxg7 Nd3 
41.Rb7 Re8 42.h4 Ne5 43.h5 Ng4 44.g3 Re1+ 45.Kg2 Be4+ 46.Kh3 Ne5 47.g4 
Re3+ 48.Kh4 h6 49.Rbe7 Nf3+ 50.Kg3 Ng5+ 51.Kf4 Rf3+ 52.Ke5 Bc6 53.Rc7 Be8 
54.Rxg5 hxg5 55.h6 Rh3 56.h7 Bf7 57.Rc8+ Be8 58.Rc7 Bf7 59.Rc8+ 1/2-1/2

[Event "Valencia sub zt 2.3.5"]
[Site "Valencia"]
[Date "2000.??.??"]
[Round "9"]
[White "Montalvo, Alejandro"]
[Black "Merrit, Mario"]
[Result "1-0"]
[WhiteElo "2222"]
[BlackElo "2159"]
[EventDate "2000.08.13"]
[PlyCount "55"]

1.d4 e6 2.c4 Nf6 3.Nc3 Bb4 4.f3 Bxc3+ 5.bxc3 d6 6.e4 Nbd7 7.Bd3 b6 8.Ne2 
Bb7 9.O-O e5 10.Ng3 g6 11.Bh6 Qe7 12.f4 Rg8 13.fxe5 dxe5 14.a4 O-O-O 15.
Qf3 g5 16.Nf5 Qe8 17.Rfe1 Rg6 18.h4 gxh4 19.c5 Kb8 20.d5 bxc5 21.Rab1 Ka8 
22.a5 a6 23.Qe2 h3 24.g3 Qg8 25.Bxa6 Rb8 26.Bxb7+ Rxb7 27.Qa6+ Ra7 28.Qc6+
1-0

[Event "Valencia sub zt 2.3.5"]
[Site "Valencia"]
[Date "2000.??.??"]
[Round "9"]
[White "Santa Torres, Luis A"]
[Black "Boada, Winston"]
[Result "1/2-1/2"]
[WhiteElo "2201"]
[BlackElo "2165"]
[EventDate "2000.08.13"]
[PlyCount "94"]

1.d4 Nf6 2.c4 c5 3.d5 b5 4.cxb5 a6 5.Nc3 g6 6.e4 d6 7.Nf3 Bg7 8.a4 O-O 9.
Nd2 axb5 10.Bxb5 Ba6 11.Bxa6 Nxa6 12.Nc4 Nd7 13.O-O Ne5 14.Nxe5 Bxe5 15.
Bh6 Re8 16.f4 Bd4+ 17.Kh1 Qb6 18.Qe2 Nc7 19.f5 Bg7 20.Bxg7 Kxg7 21.e5 dxe5
22.Qxe5+ f6 23.Qe2 Rab8 24.Rf2 Qb4 25.a5 Nb5 26.Nxb5 Rxb5 27.a6 Rbb8 28.a7
Ra8 29.Qe6 Qd4 30.Re2 Kf8 31.fxg6 hxg6 32.h3 c4 33.Qe4 Qxe4 34.Rxe4 Rec8 
35.Rc1 Rxa7 36.Rcxc4 Rxc4 37.Rxc4 Rb7 38.b4 Ke8 39.h4 Kd7 40.Rg4 Kd6 41.
Rxg6 Rxb4 42.g4 Kxd5 43.h5 Ke4 44.Kg2 Kf4 45.h6 Rb2+ 46.Kh3 Rb3+ 47.Kg2 
Rb2+ 1/2-1/2

[Event "Valencia sub zt 2.3.5"]
[Site "Valencia"]
[Date "2000.??.??"]
[Round "9"]
[White "Sequera Paolini, Jose"]
[Black "Ordonez, Francisco"]
[Result "1-0"]
[WhiteElo "2357"]
[BlackElo "2295"]
[EventDate "2000.08.13"]
[PlyCount "77"]

1.e4 c6 2.d4 d5 3.exd5 cxd5 4.Bd3 Nc6 5.c3 Nf6 6.Bf4 Bg4 7.Qb3 Qc8 8.h3 
Bh5 9.Nd2 e6 10.Ngf3 Be7 11.O-O Bg6 12.Bxg6 hxg6 13.Rfe1 O-O 14.Ne5 Nxe5 
15.Bxe5 Qc6 16.Qd1 b5 17.Qf3 Rfc8 18.h4 b4 19.Re3 Qb5 20.Rae1 bxc3 21.bxc3
Qb2 22.R1e2 Qxa2 23.g4 a5 24.h5 gxh5 25.gxh5 Qc2 26.Rd3 Nxh5 27.Nf1 Qb1 
28.Ree3 g6 29.Kg2 Kf8 30.Ng3 Nxg3 31.Bxg3 Ke8 32.Qf4 g5 33.Qe5 a4 34.Rf3 
a3 35.Qg7 Kd7 36.Rxf7 Re8 37.Re3 Ra6 38.Qxg5 a2 39.Rxe6 1-0

[Event "Valencia sub zt 2.3.5"]
[Site "Valencia"]
[Date "2000.??.??"]
[Round "9"]
[White "Sosa, Luis"]
[Black "Ramsingh, Yogendranath"]
[Result "0-1"]
[WhiteElo "2166"]
[BlackElo "2246"]
[EventDate "2000.08.13"]
[PlyCount "74"]

1.d4 Nf6 2.Nf3 g6 3.Nc3 Bg7 4.e4 d6 5.Be3 c6 6.Qd2 b5 7.Bd3 a6 8.a4 b4 9.
Ne2 a5 10.Ng3 Qc7 11.Bh6 Bxh6 12.Qxh6 Nbd7 13.O-O c5 14.Bb5 cxd4 15.Nxd4 
Bb7 16.Rfe1 Qc5 17.Rad1 Ng4 18.Bxd7+ Kxd7 19.Qh3 h5 20.f3 e5 21.c3 exd4 
22.cxd4 Qg5 23.Nf1 f5 24.fxg4 hxg4 25.Qb3 Bxe4 26.Qf7+ Qe7 27.Qc4 d5 28.
Qb5+ Ke6 29.Rc1 Rhb8 30.Rc6+ Kf7 31.Qe2 Rc8 32.Rec1 Rxc6 33.Rxc6 Qb7 34.
Rc5 Rc8 35.Rb5 Qa7 36.Qd1 Rc2 37.Ne3 Rxb2 0-1

[Event "Valencia zt 2.3"]
[Site "Valencia"]
[Date "2000.??.??"]
[Round "1"]
[White "Hernandez, Alexander"]
[Black "Russek Libni, Guil"]
[Result "1/2-1/2"]
[WhiteElo "2229"]
[BlackElo "2400"]
[EventDate "2000.08.23"]
[PlyCount "37"]

1.e4 e6 2.d4 d5 3.Nd2 c5 4.Ngf3 Nf6 5.exd5 exd5 6.c3 c4 7.b3 cxb3 8.axb3 
Bd6 9.Be2 Nc6 10.O-O O-O 11.Ba3 Re8 12.Bxd6 Qxd6 13.Bd3 Bg4 14.h3 Bh5 15.
b4 a6 16.Qb3 Bg6 17.Bxg6 hxg6 18.b5 axb5 19.Rad1 1/2-1/2

[Event "Valencia zt 2.3"]
[Site "Valencia"]
[Date "2000.??.??"]
[Round "1"]
[White "Leyva, Hector"]
[Black "Prasca Sosa, Raphael Felipe"]
[Result "1-0"]
[WhiteElo "2409"]
[BlackElo "2256"]
[EventDate "2000.08.23"]
[PlyCount "97"]

1.d4 d5 2.c4 e6 3.Nc3 c6 4.cxd5 exd5 5.Nf3 Nf6 6.Bg5 Nbd7 7.e3 Be7 8.Qc2 
O-O 9.Bd3 Re8 10.O-O Ne4 11.Bxe4 Bxg5 12.Bxh7+ Kh8 13.Nxg5 Qxg5 14.Bd3 Nf6
15.Rae1 Bd7 16.f3 Kg8 17.Qf2 Bf5 18.e4 Bg6 19.f4 Qh6 20.f5 dxe4 21.Nxe4 
Nxe4 22.Rxe4 Rxe4 23.Bxe4 Bh5 24.h3 Re8 25.Qf4 Qf6 26.Bc2 Rd8 27.Qe5 Qg5 
28.f6 gxf6 29.Rxf6 Rd5 30.Qxg5+ Rxg5 31.Rf5 Rxf5 32.Bxf5 Be2 33.Kf2 Bc4 
34.b3 Bd5 35.Bc8 b6 36.Bg4 c5 37.Bf3 Be6 38.dxc5 bxc5 39.Be2 Kg7 40.Bc4 
Bd7 41.Ke3 Bc6 42.g4 f6 43.Kf4 a5 44.a4 Bb7 45.h4 Bc8 46.g5 Bd7 47.Ke4 
Bc6+ 48.Kf5 fxg5 49.hxg5 1-0

[Event "Valencia zt 2.3"]
[Site "Valencia"]
[Date "2000.??.??"]
[Round "1"]
[White "Nogueiras Santiago, Jesus"]
[Black "Sequera Paolini, Jose"]
[Result "1-0"]
[WhiteElo "2552"]
[BlackElo "2357"]
[EventDate "2000.08.23"]
[PlyCount "53"]

1.d4 f5 2.Bg5 h6 3.Bf4 Nf6 4.e3 g5 5.Be5 e6 6.h4 g4 7.c4 d6 8.Bxf6 Qxf6 9.
Nc3 c5 10.Nge2 Nc6 11.d5 Nb4 12.a3 Na6 13.dxe6 Bxe6 14.Nf4 Nc7 15.g3 Bf7 
16.Qa4+ Kd8 17.Bg2 Kc8 18.O-O Be7 19.Rfc1 Be8 20.Qc2 Bc6 21.b4 Bxg2 22.
Kxg2 Re8 23.Rd1 Bf8 24.Rab1 b6 25.Ncd5 Nxd5 26.Rxd5 Re5 27.Qa4 1-0

[Event "Valencia zt 2.3"]
[Site "Valencia"]
[Date "2000.??.??"]
[Round "1"]
[White "Ordonez, Francisco"]
[Black "Gonzalez Acosta, Bernal Manuel"]
[Result "0-1"]
[WhiteElo "2295"]
[BlackElo "2428"]
[EventDate "2000.08.23"]
[PlyCount "60"]

1.d4 f5 2.c4 Nf6 3.g3 g6 4.Bg2 Bg7 5.Nf3 d6 6.O-O O-O 7.Nc3 c6 8.d5 e5 9.
dxe6 Bxe6 10.Qd3 Na6 11.Bf4 Ne4 12.Nxe4 fxe4 13.Qxe4 Nc5 14.Qc2 Bf5 15.Qd2
Ne4 16.Qb4 Qb6 17.Bxd6 Nxd6 18.Qxd6 Rad8 19.Qf4 Bxb2 20.Rae1 Qb4 21.e4 Be6
22.Qh6 Bxc4 23.Ng5 Qe7 24.e5 Bd4 25.e6 Bxf1 26.Rxf1 Rxf2 27.Rxf2 Bxf2+ 28.
Kxf2 Qc5+ 29.Ke2 Qc4+ 30.Ke1 Qc3+ 0-1

[Event "Valencia zt 2.3"]
[Site "Valencia"]
[Date "2000.??.??"]
[Round "1"]
[White "Rohl Montes, Juan Armando"]
[Black "Dominguez Perez, Leinier"]
[Result "0-1"]
[WhiteElo "2350"]
[BlackElo "2534"]
[EventDate "2000.08.23"]
[PlyCount "98"]

1.e4 c5 2.c3 Nf6 3.e5 Nd5 4.d4 cxd4 5.Nf3 Nc6 6.Bc4 Nb6 7.Bb3 d5 8.exd6 
Qxd6 9.O-O Be6 10.Bxe6 Qxe6 11.Nxd4 Nxd4 12.Qxd4 Rd8 13.Qh4 Qe2 14.Be3 
Qxb2 15.Nd2 Rxd2 16.Rab1 Qxc3 17.Bxd2 Qxd2 18.Rfd1 Qa5 19.Qe4 g6 20.Qxb7 
f5 21.Re1 Kf7 22.Re2 Qa4 23.g3 Rg8 24.Rbe1 Qd7 25.Qf3 Rg7 26.Qb3+ Qd5 27.
Qa3 Kg8 28.Qxa7 Nc4 29.Rc1 Nd2 30.Qc5 Nf3+ 31.Kh1 Qxc5 32.Rxc5 e5 33.Rc1 
Ra7 34.Rd1 e4 35.g4 Kf7 36.gxf5 gxf5 37.Rc2 Kf6 38.Rd8 Ba3 39.Rc6+ Ke5 40.
Rd1 Kf4 41.Kg2 Bb2 42.Rc4 Ra8 43.Rc7 h5 44.Rc5 Bd4 45.Rc2 Ra6 46.h3 Rg6+ 
47.Kh1 Kg5 48.Rdc1 Kh4 49.Rc6 Rg5 0-1